Catálogo

Vista normal Vista MARC

Entrada Personal Name

Número de registros utilizados en: 2

001 - CONTROL NUMBER

  • control field: 1617

003 - CONTROL NUMBER IDENTIFIER

  • control field: DLC

005 - DATE AND TIME OF LATEST TRANSACTION

  • control field: 20240125151155.0

008 - FIXED-LENGTH DATA ELEMENTS

  • fixed length control field: 811208n| acannaabn |a aaa

010 ## - LIBRARY OF CONGRESS CONTROL NUMBER

  • LC control number: n 81120484

035 ## - SYSTEM CONTROL NUMBER

  • System control number: (OCoLC)oca00665457

040 ## - CATALOGING SOURCE

  • Original cataloging agency: DLC
  • Language of cataloging: spa
  • Transcribing agency: Mx-PuUPA
  • Modifying agency: OCoLC
  • Modifying agency: Mx-PuUPA
  • Description conventions: rda

046 ## - SPECIAL CODED DATES

  • Birth date: 1602
  • Death date: 1672

100 1# - HEADING--PERSONAL NAME

  • Personal name: Becerra Tanco, Luis,
  • Dates associated with a name: 1602-1672,

370 ## - ASSOCIATED PLACE

  • Place of birth: Real de Minas de Taxco (México)
  • Place of death: México

374 ## - OCCUPATION

  • Occupation: Autor
  • Occupation: Astrólogo
  • Occupation: Astrónomo
  • Occupation: Políglota
  • Occupation: Defensor guadalupano

375 ## - GENDER

  • Gender: hombre

377 ## - ASSOCIATED LANGUAGE

  • Language code: spa

400 1# - SEE FROM TRACING--PERSONAL NAME

  • Personal name: Tanco, Luis Becerra

400 1# - SEE FROM TRACING--PERSONAL NAME

  • Personal name: Bezerra Tanco, Luis

670 ## - SOURCE DATA FOUND

  • Source citation: His Felicidad de México en el principio y milagroso origen, que tubo el santuario de la Virgen María N. Señora de Guadalupe, 1979:
  • Information found: t.p. (Luis Bezerra Tanco)

670 ## - SOURCE DATA FOUND

  • Source citation: Diccionario Porrua
  • Information found: (Becerra Tanco, Luis, 1603-1672)

670 ## - SOURCE DATA FOUND

  • Source citation: Felicidad de México, 1823:
  • Information found: cubierta (Br. Luis Becerra Tanco).

670 ## - SOURCE DATA FOUND

  • Source citation: Real Academia de la Historia, sitio web, 25 enero 2024:
  • Information found: Luis Becerra Tanco (Real de Minas de Taxco (México) c. 1602 – México, 2.VI.1672. Astrólogo, astrónomo, políglota y defensor guadalupano. Fue criollo. Su padre, Luis Becerra, era oriundo de Extremadura (España), y su madre, Isabel Poblete, criolla, de Toluca (México); tuvo dos hermanos, Manuel y Fernando. Realizó sus estudios en la Real y Pontificia Universidad de México, donde obtuvo el bachillerato en Artes en 1623 y en Cánones en 1630).
  • Uniform Resource Identifier: https://dbe.rah.es/biografias/37930/luis-becerra-tanco